<?xml version="1.0" encoding="UTF-8"?>
<marc:record xmlns:marc="http://www.loc.gov/MARC21/slim">
   <marc:leader>00000nam a2200000 a 4500</marc:leader>
   <marc:datafield ind1="1" ind2=" " tag="100">
      <marc:subfield code="a">Peglau, Andreas</marc:subfield>
      <marc:subfield code="4">aut</marc:subfield>
      <marc:subfield code="e">Verfasser/-in</marc:subfield>
   </marc:datafield>
   <marc:datafield ind1=" " ind2=" " tag="653">
      <marc:subfield code="a">Reich</marc:subfield>
   </marc:datafield>
   <marc:datafield ind1=" " ind2=" " tag="653">
      <marc:subfield code="a">Wilhelm</marc:subfield>
   </marc:datafield>
   <marc:datafield ind1=" " ind2=" " tag="653">
      <marc:subfield code="a">Psychoanalyse</marc:subfield>
   </marc:datafield>
   <marc:datafield ind1=" " ind2=" " tag="653">
      <marc:subfield code="a">Nationalsozialismus</marc:subfield>
   </marc:datafield>
   <marc:datafield ind1=" " ind2=" " tag="653">
      <marc:subfield code="a">Tiefenpsychologie</marc:subfield>
   </marc:datafield>
   <marc:datafield ind1=" " ind2=" " tag="653">
      <marc:subfield code="a">Drittes Reich</marc:subfield>
   </marc:datafield>
   <marc:datafield ind1=" " ind2=" " tag="653">
      <marc:subfield code="a">Geschichte der Psychoanalyse</marc:subfield>
   </marc:datafield>
   <marc:datafield ind1=" " ind2=" " tag="653">
      <marc:subfield code="a">Wilhelm Reich</marc:subfield>
   </marc:datafield>
   <marc:datafield ind1=" " ind2=" " tag="653">
      <marc:subfield code="a">Softcover / Psychologie/Sonstiges</marc:subfield>
   </marc:datafield>
   <marc:datafield ind1=" " ind2=" " tag="653">
      <marc:subfield code="a">Hochschulschrift</marc:subfield>
   </marc:datafield>
   <marc:datafield ind1="0" ind2="0" tag="245">
      <marc:subfield code="a">Unpolitische Wissenschaft?</marc:subfield>
   </marc:datafield>
   <marc:datafield ind1="0" ind2="0" tag="245">
      <marc:subfield code="b">Wilhelm Reich und die Psychoanalyse im Nationalsozialismus</marc:subfield>
   </marc:datafield>
   <marc:datafield ind1="0" ind2="0" tag="245">
      <marc:subfield code="c">Andreas Peglau ; mit einem Vorwort von Helmut Dahmer</marc:subfield>
   </marc:datafield>
   <marc:datafield ind1=" " ind2="1" tag="264">
      <marc:subfield code="a">Gießen</marc:subfield>
      <marc:subfield code="b">Psychosozial-Verlag</marc:subfield>
      <marc:subfield code="c">2017</marc:subfield>
   </marc:datafield>
   <marc:datafield ind1="1" ind2=" " tag="490">
      <marc:subfield code="a">Bibliothek der Psychoanalyse</marc:subfield>
   </marc:datafield>
   <marc:datafield ind1=" " ind2=" " tag="250">
      <marc:subfield code="a">3., durchgesehene, korrigierte und erweiterte Auflage</marc:subfield>
   </marc:datafield>
   <marc:datafield ind1="1" ind2=" " tag="520">
      <marc:subfield code="a">Angaben aus der Verlagsmeldung

Unpolitische Wissenschaft? : Wilhelm Reich und die Psychoanalyse im Nationalsozialismus / von Andreas Peglau

Von der Krankenbehandlung ausgehend, entwickelte sich Freuds Lehre zu einer Möglichkeit, sich selbst und die Welt zu erkennen – und zu verändern. Dieser gesellschaftskritische Anspruch wurde während des Nationalsozialismus weitestgehend in den Hintergrund gedrängt. Die nachhaltigsten Weichenstellungen zu einer »unpolitischen« Psychoanalyse erfolgten in den 1930er Jahren und waren eng verbunden mit dem Versuch, Konfrontationen mit dem NS-Regime zu vermeiden. Dass die Alternative einer aufklärerischen Psychoanalyse weiter bestand, zeigt das Wirken Wilhelm Reichs, der 1933/34 aus den analytischen Organisationen ausgeschlossen wurde.

Anhand von zum großen Teil erstmalig veröffentlichtem Archivmaterial geht der Autor Reichs Schicksal nach und folgt den Entwicklungen im analytischen Hauptstrom während der NS-Zeit. Dabei beantwortet er auch die Frage, ob die Psychoanalyse jemals eine unpolitische Wissenschaft war.

»Es handelt sich bei Peglaus Studie um wesentlich mehr als eine weitere politische Biografie Wilhelm Reichs, auch wenn sie die Struktur einer solchen aufweist. Durch das Prisma Reich erhellt Peglau die Geschichte der psychoanalytischen und der sozialistischen Bewegung, indem er deren Auseinandersetzungen mit und über Reich rekonstruiert.«
Jerome Seeburger, Einsicht 12
</marc:subfield>
   </marc:datafield>
   <marc:datafield ind1=" " ind2=" " tag="020">
      <marc:subfield code="a">9783837926378</marc:subfield>
      <marc:subfield code="9">9783837926378</marc:subfield>
   </marc:datafield>
   <marc:datafield ind1=" " ind2=" " tag="020">
      <marc:subfield code="a">3837926370</marc:subfield>
      <marc:subfield code="9">3837926370</marc:subfield>
   </marc:datafield>
   <marc:datafield ind1=" " ind2=" " tag="041">
      <marc:subfield code="a">ger</marc:subfield>
   </marc:datafield>
   <marc:datafield ind1=" " ind2=" " tag="300">
      <marc:subfield code="a">678 Seiten</marc:subfield>
   </marc:datafield>
</marc:record>
